Hiszpański - słodycze, warzywa, rośliny strączkowe - Statystyki

Ogólne statystyki
  • Ten quiz został rozwiązany 4 razy
  • Średni wynik to 18 z 63
Statystyki odpowiedzi
Hint Odpowiedź % Poprawnych
cukier (m) azucar
100%
czekolada (m) chocolate
67%
biała czekolada (m) chocolate blanco
67%
flan, krem karmelowy (m) flan
67%
gofr (m) gofre
67%
lód (m) helado
67%
ciasto (m) pastel
67%
karczoch (f) alcachofa
33%
alga (m) alga
33%
bakłażan (f) berenjena
33%
ciasto piaskowe, keks (m) bizcocho
33%
brokuł (m) brócoli
33%
cukinia (m) calabacin
33%
cebula (f) cebolla
33%
szczypior (f) cebolleta
33%
grzyb (m) champińón
33%
czekolada mleczna (m) chocolate con leche
33%
czekolada gorzka (m) chocolate negro
33%
kapusta (f) col
33%
kalafior (f) coliflor
33%
słodycze (m) dulces
33%
szpinak (f) espinacas
33%
ciastko (f) galleta
33%
groszek (m) guisante
33%
fasola (f) judias
33%
fasolka szparagowa (f) judias verdes
33%
sałata (f) lechuga
33%
soczewica (f) lentejas
33%
sałatka owocowa (f) macedonia
33%
miód (f) miel
33%
muffin, babeczka (m) muffin
33%
śmietanka (f) nata
33%
ziemniak (f) patata
33%
ogórek (m) pepino
33%
papryka (m) pimiento
33%
por (m) puerro
33%
burak (f) remolacha
33%
soja (f) soja
33%
ciasto, tarta (f) tarta
33%
szarlotka (f) tarta de manzana
33%
sernik (f) tarta de queso
33%
ciasto marchewkowe (f) tarta de zanahoria
33%
pomidor (m) tomate
33%
warzywo (f) verdura
33%
jogurt (m) yogur
33%
marchewka (f) zanahoria
33%
fasola (f) alubia
0%
seler (m) apio
0%
jarmuż (f) berza
0%
czekoladka, pralinka (m) bombón
0%
batat (m) boniato
0%
dynia (f) calabaza
0%
cukierek (m) caramelo
0%
guma do żucia (m) chicle
0%
baton czekoladowy (f) chocolatina
0%
brukselka (f) col de bruselas
0%
szparag (m) esparrago
0%
ciecierzyca (m) garbanzo
0%
cukierek, słodycz (f) golosinas
0%
dżem, konfitura (f) mermelada
0%
rzepa (m) nabo
0%
bita śmietana (f) nata montada
0%
lizak (f) piruleta
0%
Nie znaleziono quizów pasujących do podanych kryteriów
Rozkład punktacji
Procent ludzi z każdym wynikiem
Percentyl według liczby udzielonych odpowiedzi
Twoja historia wyników
Nie rozwiązałeś tego quizu